| 000 | 00901nam a22002297a 4500 | ||
|---|---|---|---|
| 999 |
_c65670 _d65670 |
||
| 005 | 20240530110837.0 | ||
| 008 | 191118s ua a f 000 0 ara d | ||
| 017 | _bمصر. دار الكتب | ||
| 040 |
_aEG-CaGPL _cEG-CaGPL |
||
| 082 | 0 | 4 |
_221 _a630.962 _bق/ع م |
| 100 | 0 | _aعبدالحميد زكى لطفى | |
| 245 | 1 | 0 |
_aمعلومات عامة عن الزراعة بالجمهورية العربية المتحدة / _cعبدالحميد زكى لطفى |
| 260 |
_aالقاهرة : _bدار الكاتب العربى للطباعة والنشر، |
||
| 300 |
_a91 ص. : _bايض. ؛ _c20 سم. |
||
| 490 | 0 |
_aسلسلة اخترنا للفلاح ؛ _v5 |
|
| 650 | 0 | 7 |
_2qrmak _aالزراعة _xبحوث |
| 650 | 0 | 7 |
_aالزراعة _zمصر |
| 650 | 0 | 7 |
_aاصلاح الاراضى _2qrmak _zمصر |
| 651 | _2qrmak | ||
| 942 |
_2ddc _cBK |
||